000 01555nam0a22003011 4500
001 rc\3219076
005 20260405160744.0
021 _aRU
_b[72-22603ж]
035 _a(NLR Aleph) 007466550
090 _a7371645
_c7371645
100 _a20130115d1972 |||y0rusy50 ca
101 0 _arus
102 _aRU
105 _aab z |||||
200 1 _aБиостратиграфия мезозойских кремнистых толщ Востока СССР
_e(На основе изучения радиолярий)
210 _aЛенинград
_cНедра. Ленингр. отд-ние
_d1972
215 _a243 с., 1 отд. л. схем.
_cил., карт.
_d27
225 1 _aМинистерство геологии СССР. Труды Всесоюзного научно-исследовательского геологического института "ВСЕГЕИ"
_vТ. 183
_iНовая серия
320 _aСписок лит.: с. 191-199
606 _aГорные породы, кремнистые
_xМезозой
_yДальний Восток СССР
_2psbo
606 _aРадиолярии
_xМезозой
_yДальний Восток СССР
_2psbo
606 _aМезозойские отложения
_xБиостратиграфия
_yДальний Восток СССР
_2psbo
700 1 _8rus
_7ca
_aЖамойда
_bА. И.
_f1921-2021
_gАлександр Иванович
_3RU\NLR\AUTH\7767346
_950274
801 0 _aRU
_bNLR
_gpsbo
801 1 _aRU
_bELAR
_2rusmarc
852 _aNLR
_jП7/443
942 _cBOOK
980 _aNB